<?xml version="1.0" encoding="UTF-8"?>
<record
    xmlns:xsi="http://www.w3.org/2001/XMLSchema-instance"
    xsi:schemaLocation="http://www.loc.gov/MARC21/slim http://www.loc.gov/standards/marcxml/schema/MARC21slim.xsd"
    xmlns="http://www.loc.gov/MARC21/slim">

  <leader>03113nam a2200577Ia 4500</leader>
  <controlfield tag="001">404</controlfield>
  <controlfield tag="008">241029s9999    xx            000 0 und d</controlfield>
  <datafield tag="010" ind1=" " ind2=" ">
    <subfield code="a">370</subfield>
  </datafield>
  <datafield tag="041" ind1=" " ind2=" ">
    <subfield code="a">Espa&#xF1;ol</subfield>
  </datafield>
  <datafield tag="082" ind1=" " ind2=" ">
    <subfield code="a">MEI 12-007      </subfield>
  </datafield>
  <datafield tag="245" ind1=" " ind2="0">
    <subfield code="a">Influencia de los dibujos animados en la conducta de los/as ni&#xF1;os/as del Nivel Inicial del Centro Educativo San Mart&#xED;n de Porres, perteneciente al Distrito 06-04, La Vega R.D, 2011-2012</subfield>
  </datafield>
  <datafield tag="260" ind1=" " ind2=" ">
    <subfield code="a">Santiago</subfield>
  </datafield>
  <datafield tag="300" ind1=" " ind2=" ">
    <subfield code="a">107</subfield>
  </datafield>
  <datafield tag="520" ind1=" " ind2=" ">
    <subfield code="a">5</subfield>
  </datafield>
  <datafield tag="630" ind1=" " ind2=" ">
    <subfield code="a">Actitud de los Estudiantes</subfield>
  </datafield>
  <datafield tag="630" ind1=" " ind2=" ">
    <subfield code="a">Actores Educativos</subfield>
  </datafield>
  <datafield tag="630" ind1=" " ind2=" ">
    <subfield code="a">Animaci&#xF3;n Sociocultural</subfield>
  </datafield>
  <datafield tag="630" ind1=" " ind2=" ">
    <subfield code="a">Aportes</subfield>
  </datafield>
  <datafield tag="630" ind1=" " ind2=" ">
    <subfield code="a">Aprovechamiento Acad&#xE9;mico</subfield>
  </datafield>
  <datafield tag="650" ind1=" " ind2=" ">
    <subfield code="a">Recursos Did&#xE1;cticos</subfield>
  </datafield>
  <datafield tag="690" ind1=" " ind2=" ">
    <subfield code="a">Elaborado</subfield>
  </datafield>
  <datafield tag="700" ind1=" " ind2=" ">
    <subfield code="e">asesor</subfield>
    <subfield code="a">Mena , Miriam</subfield>
  </datafield>
  <datafield tag="700" ind1=" " ind2=" ">
    <subfield code="e">autor</subfield>
    <subfield code="a">L&#xF3;pez Rodr&#xED;guez ,  Margaret</subfield>
  </datafield>
  <datafield tag="700" ind1=" " ind2=" ">
    <subfield code="e">autor</subfield>
    <subfield code="a">L&#xF3;pez , Rafelina </subfield>
  </datafield>
  <datafield tag="901" ind1=" " ind2=" ">
    <subfield code="a">{"1":"L&#xF3;pez Rodr&#xED;guez ","2":"L&#xF3;pez "}</subfield>
    <subfield code="b">{"1":" Margaret","2":"Rafelina "}</subfield>
  </datafield>
  <datafield tag="902" ind1=" " ind2=" ">
    <subfield code="a">1</subfield>
  </datafield>
  <datafield tag="903" ind1=" " ind2=" ">
    <subfield code="a">{"1":"Mena "}</subfield>
    <subfield code="b">{"1":"Miriam"}</subfield>
  </datafield>
  <datafield tag="904" ind1=" " ind2=" ">
    <subfield code="a">Mag&#xED;ster en</subfield>
  </datafield>
  <datafield tag="905" ind1=" " ind2=" ">
    <subfield code="a">Ciencias de la Educaci&#xF3;n</subfield>
  </datafield>
  <datafield tag="906" ind1=" " ind2=" ">
    <subfield code="a">1</subfield>
  </datafield>
  <datafield tag="907" ind1=" " ind2=" ">
    <subfield code="a">Menci&#xF3;n en</subfield>
  </datafield>
  <datafield tag="908" ind1=" " ind2=" ">
    <subfield code="a">Educaci&#xF3;n Inicial</subfield>
  </datafield>
  <datafield tag="909" ind1=" " ind2=" ">
    <subfield code="a">Universidad Abierta para Adultos (UAPA), Recinto Santiago</subfield>
  </datafield>
  <datafield tag="910" ind1=" " ind2=" ">
    <subfield code="a">NULL</subfield>
    <subfield code="b">NULL</subfield>
  </datafield>
  <datafield tag="911" ind1=" " ind2=" ">
    <subfield code="a">["1"]</subfield>
  </datafield>
  <datafield tag="912" ind1=" " ind2=" ">
    <subfield code="a">NO APLICA</subfield>
  </datafield>
  <datafield tag="913" ind1=" " ind2=" ">
    <subfield code="a">NULL</subfield>
  </datafield>
  <datafield tag="914" ind1=" " ind2=" ">
    <subfield code="a">01 de Julio de 2012</subfield>
  </datafield>
  <datafield tag="915" ind1=" " ind2=" ">
    <subfield code="a">20/07/15 04:07</subfield>
  </datafield>
  <datafield tag="916" ind1=" " ind2=" ">
    <subfield code="a">NULL</subfield>
  </datafield>
  <datafield tag="917" ind1=" " ind2=" ">
    <subfield code="a">NULL</subfield>
  </datafield>
  <datafield tag="918" ind1=" " ind2=" ">
    <subfield code="a">NO APLICA</subfield>
  </datafield>
  <datafield tag="919" ind1=" " ind2=" ">
    <subfield code="a">["5","7","16","214","21"]</subfield>
  </datafield>
  <datafield tag="520" ind1=" " ind2=" ">
    <subfield code="a">El estudio se plante&#xF3; como objetivo general analizar la influencia de los dibujos animados en la conducta &#xA0;de los/as ni&#xF1;os/as del Nivel Inicial del Centro Educativo San Mart&#xED;n de Porres Perteneciente al Distrito 06-04, La Vega R.D, 2011-2012.La investigaci&#xF3;n desarrollada fue de tipo bibliogr&#xE1;fica, de campo, explicativa y descriptiva. Se empleo el m&#xE9;todo el m&#xE9;todo deductivo.&#xA0;La t&#xE9;cnica de recolecci&#xF3;n de datos empleada fue la revisi&#xF3;n de fuentes bibliogr&#xE1;ficas y el instrumento aplicado fue el cuestionario, dirigido a los padres de los ni&#xF1;os, a los docentes y una entrevista aplicada a la directora del centro educativa.&#xA0;En lo referente a la influencia de los dibujos animados en la conducta &#xA0;de los/as ni&#xF1;os/as del nivel inicial del centro educativo San Mart&#xED;n de Porres, se evidenci&#xF3;&#xA0;que la mayor&#xED;a de los padres entiende que sus hijos prefiere dibujos animados de risa, de comedia, de acci&#xF3;n y educativos. En &#xA0;este orden la directora opin&#xF3; que los ni&#xF1;os prefieren los dibujos de acci&#xF3;n y violentos.El 60% de los padres a veces controlan los programas de televisi&#xF3;n que ven sus hijos. Entre los dibujos animados que prefieren los ni&#xF1;os y ni&#xF1;as est&#xE1;n:&#xA0;Los Padrinos M&#xE1;gicos, Barmey, Bob Esponja, El Laboratorio de Dexter, Avatar kid entre otros.El estudio mostr&#xF3; que la falta de control de los padres en los programas de televisi&#xF3;n que ven sus hijos contribuye a deformar la conducta de los ni&#xF1;os, tanto en las aulas como en el hogar.</subfield>
  </datafield>
  <datafield tag="921" ind1=" " ind2=" ">
    <subfield code="a">11</subfield>
  </datafield>
  <datafield tag="922" ind1=" " ind2=" ">
    <subfield code="a">11</subfield>
  </datafield>
  <datafield tag="923" ind1=" " ind2=" ">
    <subfield code="a">0</subfield>
  </datafield>
  <datafield tag="924" ind1=" " ind2=" ">
    <subfield code="a">NO APLICA</subfield>
  </datafield>
  <datafield tag="942" ind1=" " ind2=" ">
    <subfield code="c">Tesis</subfield>
  </datafield>
  <datafield tag="999" ind1=" " ind2=" ">
    <subfield code="c">370</subfield>
    <subfield code="d">370</subfield>
  </datafield>
</record>
